| 000 | 00400 a2200133 4500 | ||
|---|---|---|---|
| 001 | ART_13776 | ||
| 005 | 20260410161911.0 | ||
| 008 | 260409a | ||
| 245 | 1 | 0 | _aSimulating an oilshock sticky prices |
| 100 | 1 | _aGiavazzi, Francesco | |
| 700 | 1 | _aOdekon, Mehmet | |
| 700 | 1 | _aWyplosz, Charles | |
| 773 | 0 |
_tEuropean economic review _g- Vol. 18, NÂș 1/2 (may./jun. 1982) _wREV13346 |
|
| 999 |
_c26815 _d26815 |
||